Valorant Champions Winners - Statistics

General Stats
  • This quiz has been taken 58 times
    22 since last reset
  • The average score is 20 of 30
Answer Stats
Hint Answer % Correct
2023 Demon1
94%
2023 Ethan
94%
Ethan
94%
2022 aspas
88%
2023 Boostio
88%
2023 C0M
88%
brawk
82%
2023 jawgemo
76%
mada
76%
s0m
76%
2022 Saadhak
76%
2022 Sacy
76%
2024 ZmjjKK
76%
2022 Less
71%
2022 pANcada
71%
2021 cNed
65%
2024 S1Mon
65%
skuba
65%
2024 Smoggy
65%
2024 CHICHOO
59%
2021 BONECOLD
53%
2021 starxo
53%
Acend
47%
EDward Gaming
47%
Evil Geniuses
47%
Loud
47%
2024 nobody
47%
NRG
47%
2021 Kiles
29%
2021 zeek
29%
No matching quizzes found
Score Distribution
Percent of People with Each Score
Percentile by Number Answered
Your Score History
You have not taken this quiz since the last reset